Coupe du Monde de Football 2022 - Click Quiz - Statistiques

Statistiques générales
  • Ce quiz a été pris 24 243 fois
  • Le résultat moyen est 21 sur 32
Statistiques - réponses
Hint Réponse % Correct
Qatar Éliminé aux Phases de poules
86%
Iran Éliminé aux Phases de poules
85%
France Finaliste
85%
Argentine Champion
84%
Costa Rica Éliminé aux Phases de poules
83%
Tunisie Éliminé aux Phases de poules
81%
Arabie Saoudite Éliminé aux Phases de poules
81%
Ghana Éliminé aux Phases de poules
80%
Équateur Éliminé aux Phases de poules
79%
Canada Éliminé aux Phases de poules
79%
Pays de Galles Éliminé aux Phases de poules
78%
Serbie Éliminé aux Phases de poules
77%
Cameroun Éliminé aux Phases de poules
75%
Angleterre Éliminé aux Quarts de finale
68%
Brésil Éliminé aux Quarts de finale
68%
Maroc 4eme place
68%
Allemagne Éliminé aux Phases de poules
67%
Mexique Éliminé aux Phases de poules
65%
Portugal Éliminé aux Quarts de finale
64%
Croatie 3eme place
61%
Danemark Éliminé aux Phases de poules
58%
Pays-Bas Éliminé aux Quarts de finale
58%
Belgique Éliminé aux Phases de poules
57%
Pologne Éliminé aux Huitièmes de finale
57%
Japon Éliminé aux Huitièmes de finale
55%
Uruguay Éliminé aux Phases de poules
54%
Espagne Éliminé aux Huitièmes de finale
54%
Sénégal Éliminé aux Huitièmes de finale
49%
Suisse Éliminé aux Huitièmes de finale
49%
Corée du Sud Éliminé aux Huitièmes de finale
43%
États-Unis Éliminé aux Huitièmes de finale
37%
Australie Éliminé aux Huitièmes de finale
37%
Aucun quiz correspondant
Distribution des résultats
% des personnes avec chaque résultat
Percentile par nombre de réponses
Votre historique - résultats
Vous n’avez pas pris ce quiz